Защита интеллектуальной собственности: учебное пособие для вузов

Bibliografiske detaljer
Hovedforfatter: Носенко В. А. Владимир Андреевич
Andre forfattere: Степанова А. В. Анна Вадимовна
Summary:Пособие содержит основные нормативные документы, регулирующие вопросы защиты интеллектуальной собственности, практические рекомендации по реализации интеллектуальных прав в машиностроении. Предназначено для студентов технических ВУЗов, обуча­ющихся по направлению «Конструкторско-технологическое обеспечение машиностроительных производств».
Sprog:russisk
Udgivet: Старый Оскол, ТНТ, 2012
Fag:
Format: MixedMaterials Bog
KOHA link:https://koha.lib.tpu.ru/cgi-bin/koha/opac-detail.pl?biblionumber=211805

MARC

LEADER 00000nam0a2200000 4500
001 211805
005 20231101225716.0
010 |a 9785941783007 
035 |a (RuTPU)RU\TPU\book\231398 
090 |a 211805 
100 |a 20120320d2012 m y0rusy50 ca 
101 0 |a rus 
102 |a RU 
105 |a a j 001zy 
200 1 |a Защита интеллектуальной собственности  |e учебное пособие для вузов  |f В. А. Носенко, А. В. Степанова 
210 |a Старый Оскол  |c ТНТ  |d 2012 
215 |a 191 с.  |c ил. 
320 |a Библиогр.: с. 190-191. 
320 |a Словарь терминов: с. 180-189. 
330 |a Пособие содержит основные нормативные документы, регулирующие вопросы защиты интеллектуальной собственности, практические рекомендации по реализации интеллектуальных прав в машиностроении. Предназначено для студентов технических ВУЗов, обуча­ющихся по направлению «Конструкторско-технологическое обеспечение машиностроительных производств». 
606 1 |a Интеллектуальная собственность  |x Право  |2 stltpush  |3 (RuTPU)RU\TPU\subj\12805  |9 39522 
610 1 |a интеллектуальные права 
610 1 |a средства индивидуализации 
610 1 |a ноу-хау 
610 1 |a информация 
610 1 |a научные открытия 
610 1 |a микросхемы 
610 1 |a селекционные достижения 
610 1 |a изобретения 
610 1 |a промышленные образцы 
610 1 |a лицензионные соглашения 
610 1 |a технологии 
610 1 |a обмен 
610 1 |a учебные пособия 
610 1 |a топология 
686 |a Х623.3я73  |v LBC/SL-A  |2 rubbk 
700 1 |a Носенко  |b В. А.  |g Владимир Андреевич 
701 1 |a Степанова  |b А. В.  |g Анна Вадимовна 
801 1 |a RU  |b 63413507  |c 20120320 
801 2 |a RU  |b 63413507  |c 20150605  |g RCR 
900 |a Защита интеллектуальной собственности и патентоведение 
942 |c BK 
951 |b 151900 
959 |a 43/20120320  |d 2  |e 260,00  |f АНЛ:1  |f ЧЗГЛ:1